Drapeaux des pays commençant par B - Statistiques

Statistiques générales
  • Ce quiz a été pris 352 fois
  • Le résultat moyen est 14 sur 18
Statistiques - réponses
Par images Réponse % Correct
Brésil
100%
Belgique
96%
Bangladesh
95%
Bulgarie
92%
Bosnie-Herzégovine
89%
Bhoutan
87%
Biélorussie
85%
Barbade
83%
Burkina Faso
81%
Bahreïn
77%
Bénin
77%
Birmanie
75%
Belize
71%
Bolivie
69%
Botswana
69%
Bahamas
68%
Burundi
68%
Brunei
67%
Aucun quiz correspondant
Distribution des résultats
% des personnes avec chaque résultat
Percentile par nombre de réponses
Votre historique - résultats
Vous n’avez pas pris ce quiz